QUIZ-Capitales d'Afrique avec les noms des pays - Statistiques

Statistiques générales
  • Ce quiz a été pris 318 fois
  • Le résultat moyen est 35 sur 54
Statistiques - réponses
Pays Capitale % Correct
Algérie Alger
98%
Égypte Le Caire
96%
Tunisie Tunis
95%
Maroc Rabat
93%
Sénégal Dakar
83%
Libye Tripoli
83%
Mali Bamako
80%
Afrique du Sud Pretoria
80%
Djibouti Djibouti
79%
Kenya Nairobi
77%
Madagascar Antananarivo
74%
Guinée-Bissau Bissau
74%
République démocratique du Congo Kinshasa
74%
Gabon Libreville
74%
Burkina Faso Ouagadougou
74%
Éthiopie Addis-Abeba
72%
Soudan Khartoum
72%
Côte d’Ivoire Yamoussoukro
71%
Sierra Leone Freetown
69%
Cameroun Yaoundé
69%
Ghana Accra
68%
République du Congo Brazzaville
68%
Sao Tomé-et-Principe São Tomé
65%
Togo Lomé
64%
Somalie Mogadiscio
64%
Zimbabwe Harare
63%
Rwanda Kigali
63%
Maurice Port-Louis
63%
Seychelles Victoria
62%
Guinée Conakry
61%
Mauritanie Nouakchott
60%
Angola Luanda
58%
Niger Niamey
58%
Bénin Porto-Novo
58%
Namibie Windhoek
58%
Érythrée Asmara
56%
Botswana Gaborone
56%
Comores Moroni
56%
Tchad N'Djaména
56%
Tanzanie Dodoma
55%
Nigeria Abuja
54%
Cap-Vert Praia
54%
Mozambique Maputo
51%
Libéria Monrovia
51%
Eswatini Mbabane
50%
Gambie Banjul
48%
Soudan du Sud Djouba
48%
Ouganda Kampala
48%
Malawi Lilongwe
47%
Guinée équatoriale Malabo
47%
Zambie Lusaka
46%
Lesotho Maseru
46%
Burundi Gitega
44%
République centrafricaine Bangui
33%
Aucun quiz correspondant
Distribution des résultats
% des personnes avec chaque résultat
Percentile par nombre de réponses
Votre historique - résultats
Vous n’avez pas pris ce quiz